[Event "24. Open Moratalaz 2011"]
[Site "Madrid ESP"]
[Date "2011.09.21"]
[Round "7.3"]
[White "Fernandez Cardoso, Alexey"]
[Black "Renteria Becerra, Jorge Elicer"]
[Result "0-1"]
[WhiteElo "2465"]
[BlackElo "2319"]
[PlyCount "80"]
[EventDate "2011.09.15"]
[EventType "swiss"]
[EventRounds "9"]
[EventCountry "ESP"]
[Source "lmi"]
[SourceDate "2011.09.15"]

1. e4 c5 2. Nf3 d6 3. d4 cxd4 4. Nxd4 Nf6 5. Nc3 a6 6. f4 e5 7. Nf3 Nbd7 8. a4
Be7 9. Bd3 O-O 10. O-O Nc5 11. Kh1 exf4 12. Bxf4 Bg4 13. Qd2 Rc8 14. Nd4 Re8
15. h3 Bh5 16. Nf5 Bg6 17. Rae1 Bxf5 18. exf5 Qb6 19. Bg5 Nxd3 20. Rxe7 Rxe7
21. Bxf6 Qe3 22. Qd1 Nf2+ 23. Rxf2 Qe1+ 24. Rf1 Qxd1 25. Rxd1 gxf6 26. Rxd6 Re5
27. Rd7 b5 28. axb5 axb5 29. Nd5 Rxc2 30. Nxf6+ Kg7 31. Nh5+ Kh6 32. Nf4 Rxf5
33. Nd3 Rf1+ 34. Kh2 Rd1 35. Rd4 Rcd2 36. Rh4+ Kg7 37. Rg4+ Kf8 38. Ne5 Rxb2
39. Rf4 Rdd2 40. Rxf7+ Kg8 0-1

[Event "24. Open Moratalaz 2011"]
[Site "Madrid ESP"]
[Date "2011.09.21"]
[Round "7.5"]
[White "Barez Menendez, Hector"]
[Black "Moreno Ruiz, Javier"]
[Result "0-1"]
[WhiteElo "2164"]
[BlackElo "2536"]
[PlyCount "60"]
[EventDate "2011.09.15"]
[EventType "swiss"]
[EventRounds "9"]
[EventCountry "ESP"]
[Source "lmi"]
[SourceDate "2011.09.15"]

1. d4 Nf6 2. Nf3 e6 3. e3 b6 4. Bd3 Bb7 5. O-O Be7 6. b3 c5 7. Bb2 O-O 8. c4 d6
9. Nc3 Nbd7 10. d5 exd5 11. cxd5 a6 12. a4 Ng4 13. Ne1 Nge5 14. Be2 f5 15. f4
Ng6 16. g4 Nh4 17. Nf3 Qe8 18. Qd3 c4 19. bxc4 Nc5 20. Qc2 fxg4 21. Nxh4 Bxh4
22. Bc1 Bc8 23. Bd3 Qh5 24. Ne4 Nxd3 25. Qxd3 Bf5 26. Qd4 Qg6 27. Ng5 Rae8 28.
Qxb6 h6 29. Ne6 g3 30. Nxf8 gxh2+ 0-1

[Event "24. Open Moratalaz 2011"]
[Site "Madrid ESP"]
[Date "2011.09.21"]
[Round "7.8"]
[White "Sanchez Alarcos Galian, Victor"]
[Black "Rodrigo Yanguas, Maria"]
[Result "0-1"]
[WhiteElo "2239"]
[BlackElo "2135"]
[PlyCount "74"]
[EventDate "2011.09.15"]
[EventType "swiss"]
[EventRounds "9"]
[EventCountry "ESP"]
[Source "lmi"]
[SourceDate "2011.09.15"]

1. d4 d5 2. Nf3 Nc6 3. c4 Bg4 4. Nc3 e6 5. cxd5 exd5 6. Bf4 Nf6 7. e3 Be7 8.
Qb3 Na5 9. Qa4+ c6 10. Ne5 Qb6 11. Rb1 Bf5 12. Bd3 Bxd3 13. Nxd3 O-O 14. O-O
Nc4 15. Qc2 Nh5 16. Be5 Rfe8 17. Qe2 Nf6 18. Rfc1 Nxe5 19. Nxe5 Bd6 20. Nf3 Qd8
21. b4 Rc8 22. b5 c5 23. dxc5 Rxc5 24. Qd3 Qc7 25. Ne2 Rc8 26. Rxc5 Qxc5 27.
Nfd4 Qc7 28. g3 Qa5 29. Qb3 Rc4 30. Kg2 Ne4 31. Rc1 Rxc1 32. Nxc1 Qd2 33. Nce2
Qe1 34. Qxd5 Qxf2+ 35. Kh3 Qf1+ 36. Kh4 Be7+ 37. Kg4 Nf6+ 0-1

[Event "24. Open Moratalaz 2011"]
[Site "Madrid ESP"]
[Date "2011.09.21"]
[Round "7.7"]
[White "Nieto de la Cruz, Julio"]
[Black "Hernando Pertierra, Jose Carlos"]
[Result "1/2-1/2"]
[WhiteElo "2154"]
[BlackElo "2383"]
[PlyCount "125"]
[EventDate "2011.09.15"]
[EventType "swiss"]
[EventRounds "9"]
[EventCountry "ESP"]
[Source "lmi"]
[SourceDate "2011.09.15"]

1. c4 g6 2. g3 Bg7 3. Bg2 Nc6 4. Nc3 d6 5. e3 e5 6. Nge2 h5 7. h4 Bg4 8. Rb1 a5
9. a3 Nf6 10. d3 O-O 11. Bd2 Qd7 12. Nd5 Nxd5 13. cxd5 Ne7 14. f3 Bf5 15. e4
Nxd5 16. exf5 Qxf5 17. Qc2 Qd7 18. O-O c6 19. Rbc1 Kh7 20. Kh2 f5 21. f4 Nf6
22. Bf3 Rfe8 23. Nc3 Re6 24. Rce1 b5 25. Nxb5 Ng4+ 26. Bxg4 hxg4 27. Nc3 Rae8
28. Ne2 Bf6 29. Bxa5 Kg7 30. Rc1 d5 31. Rfe1 Qa7 32. Qc5 Qxc5 33. Rxc5 exf4 34.
Nxf4 Rxe1 35. Bxe1 Rxe1 36. Rxc6 Bxb2 37. Rxg6+ Kf7 38. Rg5 Kf6 39. Nxd5+ Ke5
40. Ne7 Bc1 41. Rxf5+ Ke6 42. Ra5 Re2+ 43. Kg1 Kxe7 44. Ra4 Kf6 45. Rxg4 Bxa3
46. Rf4+ Kg6 47. Rg4+ Kh6 48. Kf1 Rd2 49. d4 Bd6 50. Ke1 Bb4 51. Kf1 Bc3 52. d5
Bf6 53. d6 Kh5 54. Rf4 Kg6 55. Rf2 Rxd6 56. Kg2 Ra6 57. Kh3 Ra3 58. Kg4 Be5 59.
Rf3 Ra4+ 60. Kh3 Ra1 61. Kg4 Ra4+ 62. Kh3 Ra1 63. Kg4 1/2-1/2

[Event "24. Open Moratalaz 2011"]
[Site "Madrid ESP"]
[Date "2011.09.21"]
[Round "7.9"]
[White "Montanes Arribas, Adrian"]
[Black "Martin Duque, Jesus"]
[Result "1/2-1/2"]
[WhiteElo "2192"]
[BlackElo "2136"]
[PlyCount "25"]
[EventDate "2011.09.15"]
[EventType "swiss"]
[EventRounds "9"]
[EventCountry "ESP"]
[Source "lmi"]
[SourceDate "2011.09.15"]

1. Nf3 Nf6 2. g3 g6 3. Bg2 Bg7 4. O-O O-O 5. d3 d5 6. c3 c5 7. Nbd2 Nc6 8. e4
dxe4 9. dxe4 h6 10. Qe2 Be6 11. h3 Qc8 12. Kh2 Rd8 13. Re1 1/2-1/2

[Event "24. Open Moratalaz 2011"]
[Site "Madrid ESP"]
[Date "2011.09.21"]
[Round "7.11"]
[White "Ambrona Castellanos, Miguel"]
[Black "Longa Yauca, Javier"]
[Result "1-0"]
[WhiteElo "1994"]
[BlackElo "2307"]
[PlyCount "53"]
[EventDate "2011.09.15"]
[EventType "swiss"]
[EventRounds "9"]
[EventCountry "ESP"]
[Source "lmi"]
[SourceDate "2011.09.15"]

1. e4 c5 2. Nf3 d6 3. d4 cxd4 4. Nxd4 Nf6 5. Nc3 e6 6. Be3 Be7 7. Bc4 O-O 8.
O-O Nc6 9. Kh1 Bd7 10. f4 Nxd4 11. Bxd4 Bc6 12. Qe2 a6 13. a4 Nd7 14. f5 e5 15.
Be3 Qa5 16. Nd5 Bxd5 17. Bxd5 Qc7 18. a5 Rac8 19. c3 Kh8 20. Rf3 Nf6 21. Rh3
Nxd5 22. exd5 g6 23. Rf1 Qc4 24. Qf3 e4 25. Qf2 Qxd5 26. f6 Bd8 27. Rh6 1-0

[Event "24. Open Moratalaz 2011"]
[Site "Madrid ESP"]
[Date "2011.09.22"]
[Round "8.1"]
[White "Renteria Becerra, Jorge Elicer"]
[Black "Taboas Rodriguez, Daniel"]
[Result "1/2-1/2"]
[WhiteElo "2319"]
[BlackElo "2396"]
[PlyCount "36"]
[EventDate "2011.09.15"]
[EventType "swiss"]
[EventRounds "9"]
[EventCountry "ESP"]
[Source "lmi"]
[SourceDate "2011.09.15"]

1. d4 d5 2. c4 e6 3. Nc3 Be7 4. Nf3 Nf6 5. cxd5 exd5 6. Bg5 c6 7. e3 Bf5 8. Bd3
Bxd3 9. Qxd3 Nbd7 10. O-O O-O 11. Rab1 a5 12. Nd2 Nh5 13. Bxe7 Qxe7 14. a3 f5
15. f4 Rae8 16. Rbe1 Nhf6 17. Nf3 Ne4 18. Ne5 Rf6 1/2-1/2

[Event "24. Open Moratalaz 2011"]
[Site "Madrid ESP"]
[Date "2011.09.22"]
[Round "8.2"]
[White "Moreno Ruiz, Javier"]
[Black "Vazquez Igarza, Renier"]
[Result "1/2-1/2"]
[WhiteElo "2536"]
[BlackElo "2572"]
[PlyCount "40"]
[EventDate "2011.09.15"]
[EventType "swiss"]
[EventRounds "9"]
[EventCountry "ESP"]
[Source "lmi"]
[SourceDate "2011.09.15"]

1. d4 Nf6 2. c4 g6 3. Nc3 Bg7 4. e4 d6 5. f3 O-O 6. Nge2 a6 7. Be3 Nc6 8. Qd2
Rb8 9. Rc1 Bd7 10. Nd1 b5 11. c5 e6 12. Nf2 Ne7 13. g3 b4 14. Nf4 a5 15. cxd6
cxd6 16. Be2 Bb5 17. Bxb5 Rxb5 18. b3 Qd7 19. O-O Rbb8 20. Rc2 Rfc8 1/2-1/2

[Event "24. Open Moratalaz 2011"]
[Site "Madrid ESP"]
[Date "2011.09.22"]
[Round "8.3"]
[White "Roa Alonso, Santiago"]
[Black "Guerra Mendez, Jose Angel"]
[Result "1/2-1/2"]
[WhiteElo "2420"]
[BlackElo "2448"]
[PlyCount "113"]
[EventDate "2011.09.15"]
[EventType "swiss"]
[EventRounds "9"]
[EventCountry "ESP"]
[Source "lmi"]
[SourceDate "2011.09.15"]

1. e4 e5 2. Nf3 Nc6 3. Bc4 Bc5 4. c3 Nf6 5. d3 O-O 6. Bb3 d5 7. Nbd2 Be6 8. O-O
Re8 9. h3 h6 10. Ba4 Bd7 11. b4 Bd6 12. Bb3 Be6 13. Bb2 dxe4 14. dxe4 Qd7 15.
Re1 a6 16. Bxe6 Qxe6 17. Qb3 Rad8 18. Qxe6 Rxe6 19. a3 Nh5 20. g3 Be7 21. Kf1
g6 22. c4 Bg5 23. Nxg5 hxg5 24. Nf3 f6 25. Rad1 Red6 26. Ke2 Ng7 27. Rxd6 Rxd6
28. Rd1 Rxd1 29. Kxd1 b5 30. Kc2 Ne8 31. Kb3 Nd6 32. cxb5 axb5 33. Nd2 Kf7 34.
Kc2 Ne7 35. Kd3 Nec8 36. Nb3 Nb6 37. Bc1 Nd7 38. f3 Nf8 39. Nc5 Ne6 40. a4 bxa4
41. Nxa4 Nd4 42. f4 gxf4 43. gxf4 Nc6 44. fxe5 Nxe5+ 45. Kd4 Ke7 46. Nc3 Ke6
47. b5 g5 48. Ke3 Ng6 49. Kf3 Ne5+ 50. Ke2 Nd7 51. Be3 Ke5 52. Kd3 Ke6 53. Bd4
Ne5+ 54. Ke2 Nec4 55. Kd3 Ne5+ 56. Ke2 Nec4 57. Kd3 1/2-1/2

[Event "24. Open Moratalaz 2011"]
[Site "Madrid ESP"]
[Date "2011.09.22"]
[Round "8.4"]
[White "Rodrigo Yanguas, Maria"]
[Black "Rubio Mejia, Luis Ignacio"]
[Result "1/2-1/2"]
[WhiteElo "2135"]
[BlackElo "2433"]
[PlyCount "72"]
[EventDate "2011.09.15"]
[EventType "swiss"]
[EventRounds "9"]
[EventCountry "ESP"]
[Source "lmi"]
[SourceDate "2011.09.15"]

1. e4 c5 2. Nf3 a6 3. d3 Nc6 4. g3 g6 5. Bg2 Bg7 6. O-O d6 7. Nc3 e6 8. Bg5
Nge7 9. Qd2 O-O 10. Bh6 e5 11. Ne2 d5 12. Bxg7 Kxg7 13. exd5 Nxd5 14. Nc3 Nde7
15. Qe3 f6 16. Qxc5 Bg4 17. Rac1 Rc8 18. Qa3 Qc7 19. Rfe1 Rfd8 20. Ne4 b5 21.
h3 Bxf3 22. Bxf3 a5 23. Bg2 Nf5 24. Qc5 Nb4 25. Qxb5 Nxc2 26. Qa6 Qe7 27. Red1
Nfd4 28. Kh2 Ne2 29. Rb1 Ncd4 30. Qxa5 f5 31. Nc3 Rc5 32. Qa3 Qc7 33. Nxe2 Nxe2
34. Rd2 Nd4 35. b4 Rc3 36. Qa6 e4 1/2-1/2

[Event "24. Open Moratalaz 2011"]
[Site "Madrid ESP"]
[Date "2011.09.22"]
[Round "8.5"]
[White "Almagro Llanas, Pablo"]
[Black "Anton Veiga, Juan Carlos"]
[Result "1-0"]
[WhiteElo "2466"]
[BlackElo "2102"]
[PlyCount "95"]
[EventDate "2011.09.15"]
[EventType "swiss"]
[EventRounds "9"]
[EventCountry "ESP"]
[Source "lmi"]
[SourceDate "2011.09.15"]

1. c4 f5 2. Nc3 Nf6 3. g3 g6 4. Bg2 Bg7 5. d4 d6 6. h4 Nc6 7. Nh3 O-O 8. d5 Ne5
9. b3 Nh5 10. Qc2 c5 11. Nf4 b5 12. cxb5 a6 13. bxa6 Rxa6 14. O-O Nxf4 15. Bxf4
Bd7 16. a4 Qb6 17. Rab1 Rb8 18. e4 Qb7 19. Nb5 Rf8 20. Rfc1 Raa8 21. Bxe5 Bxe5
22. f4 Bg7 23. exf5 Bxb5 24. axb5 Rxf5 25. Qe2 Bd4+ 26. Kh2 Ra7 27. Be4 Rf7 28.
Rf1 Ra8 29. b4 cxb4 30. Rxb4 Bf6 31. b6 Rff8 32. Bg2 Rfc8 33. Rfb1 Rc3 34. Rc4
Rxc4 35. Qxc4 Rb8 36. Rb4 Kg7 37. Bh3 Ra8 38. Bg2 Ra1 39. Qc6 Qa6 40. b7 Qe2
41. Qb5 Qf2 42. Qb6 Qe2 43. b8=Q Ra2 44. Qg1 h5 45. Qbb6 Qd2 46. Re4 Qc2 47.
Qbe3 Kf7 48. Qf3 1-0

[Event "24. Open Moratalaz 2011"]
[Site "Madrid ESP"]
[Date "2011.09.22"]
[Round "8.6"]
[White "Nieto de la Cruz, Julio"]
[Black "Fernandez Cardoso, Alexey"]
[Result "0-1"]
[WhiteElo "2154"]
[BlackElo "2465"]
[PlyCount "66"]
[EventDate "2011.09.15"]
[EventType "swiss"]
[EventRounds "9"]
[EventCountry "ESP"]
[Source "lmi"]
[SourceDate "2011.09.15"]

1. c4 Nf6 2. g3 d5 3. Bg2 e6 4. Nf3 Be7 5. O-O O-O 6. b3 Ne4 7. Bb2 c5 8. d3
Nd6 9. Nbd2 Nc6 10. a3 dxc4 11. bxc4 Nf5 12. Rb1 Qc7 13. Ne4 b6 14. Bc3 Bb7 15.
Qb3 e5 16. Qb2 Nfd4 17. Rfe1 Rad8 18. Ned2 f5 19. a4 Ba8 20. Kf1 Bf6 21. Red1
Rde8 22. Ne1 Kh8 23. a5 bxa5 24. e3 f4 25. Ndf3 fxe3 26. fxe3 Nxf3 27. Nxf3 e4
28. dxe4 Bxc3 29. Qxc3 Ne5 30. Ke2 Bxe4 31. Nh4 Qf7 32. Rf1 Qh5+ 33. Ke1 Bxb1
0-1

[Event "24. Open Moratalaz 2011"]
[Site "Madrid ESP"]
[Date "2011.09.22"]
[Round "8.9"]
[White "Martin Duque, Jesus"]
[Black "Solaesa Navalpotro, Luis Julio"]
[Result "1/2-1/2"]
[WhiteElo "2136"]
[BlackElo "2264"]
[PlyCount "35"]
[EventDate "2011.09.15"]
[EventType "swiss"]
[EventRounds "9"]
[EventCountry "ESP"]
[Source "lmi"]
[SourceDate "2011.09.15"]

1. e4 c6 2. d4 d5 3. exd5 cxd5 4. c4 Nf6 5. Nc3 Nc6 6. Bg5 e6 7. Nf3 dxc4 8.
Bxc4 Be7 9. O-O O-O 10. Re1 a6 11. a3 b5 12. Ba2 b4 13. axb4 Nxb4 14. Bc4 Bb7
15. Ne5 Nbd5 16. Qe2 Qd6 17. Bxf6 gxf6 18. Bd3 1/2-1/2

[Event "24. Open Moratalaz 2011"]
[Site "Madrid ESP"]
[Date "2011.09.22"]
[Round "8.10"]
[White "Garcia Galeote, Lorenzo"]
[Black "Salgado Lopez, Oscar"]
[Result "1/2-1/2"]
[WhiteElo "2043"]
[BlackElo "2210"]
[PlyCount "118"]
[EventDate "2011.09.15"]
[EventType "swiss"]
[EventRounds "9"]
[EventCountry "ESP"]
[Source "lmi"]
[SourceDate "2011.09.15"]

1. Nf3 d5 2. d4 Nf6 3. c4 c6 4. cxd5 cxd5 5. Nc3 Nc6 6. Bf4 Nh5 7. Bg3 Nxg3 8.
hxg3 e6 9. e3 g6 10. Rc1 Bd7 11. Bd3 Rc8 12. Nh4 Bg7 13. f4 Qb6 14. a3 Na5 15.
Qe2 Nc4 16. Bxc4 Rxc4 17. Kf2 O-O 18. Nf3 f6 19. Rh2 Rfc8 20. Rch1 Rxc3 21.
bxc3 Rxc3 22. Ne1 Rb3 23. Qd1 Rb1 24. Qd3 Rb2+ 25. Kf3 Bb5 26. Qc3 Be2+ 27. Kf2
Bc4+ 28. Kg1 Re2 29. Rh3 Qb1 30. Kh2 Bf8 31. Qa5 Qb6 32. Qxb6 axb6 33. g4 Bxa3
34. Kg3 Rxe3+ 35. Nf3 h5 36. gxh5 g5 37. fxg5 Bd6+ 38. Kf2 Re2+ 39. Kg1 fxg5
40. Nxg5 Bf4 41. h6 Bxg5 42. Rg3 Kh7 43. Rxg5 Re1+ 44. Kh2 Rxh1+ 45. Kxh1 Kxh6
46. Re5 b5 47. Kg1 b4 48. Rxe6+ Kg5 49. Rb6 Kf4 50. Rxb7 b3 51. Kf2 Ke4 52. Ke1
Kxd4 53. Kd2 Bf1 54. g4 Bc4 55. g5 Ke5 56. Rb6 d4 57. g6 b2 58. g7 Bg8 59. Kc2
Ke4 1/2-1/2

[Event "24. Open Moratalaz 2011"]
[Site "Madrid ESP"]
[Date "2011.09.23"]
[Round "9.1"]
[White "Vazquez Igarza, Renier"]
[Black "Renteria Becerra, Jorge Elicer"]
[Result "1-0"]
[WhiteElo "2572"]
[BlackElo "2319"]
[PlyCount "97"]
[EventDate "2011.09.15"]
[EventType "swiss"]
[EventRounds "9"]
[EventCountry "ESP"]
[Source "lmi"]
[SourceDate "2011.09.15"]

1. Nf3 c5 2. c4 Nc6 3. Nc3 e5 4. g3 g6 5. Bg2 Bg7 6. a3 a5 7. d3 Nge7 8. O-O
O-O 9. Ne1 d6 10. Nc2 Be6 11. Bg5 f6 12. Bd2 Rb8 13. Ne3 Qd7 14. Ncd5 b5 15. b3
Bh3 16. Nxe7+ Nxe7 17. Bxa5 Bxg2 18. Kxg2 f5 19. Bc3 f4 20. Nd5 Nxd5 21. cxd5
Qb7 22. f3 fxg3 23. hxg3 e4 24. Bxg7 exf3+ 25. Rxf3 Rxf3 26. exf3 Kxg7 27. Qe1
Qxd5 28. Qc3+ Kg8 29. Re1 Rf8 30. Re4 Qa8 31. Qb2 Re8 32. Rxe8+ Qxe8 33. Qc2
Qe5 34. a4 bxa4 35. bxa4 Qa1 36. Qb3+ Kg7 37. Qb7+ Kf6 38. Qd5 Ke7 39. Qe4+ Kf7
40. Qf4+ Ke6 41. Qg4+ Ke5 42. Qe4+ Kf6 43. Qh4+ Kg7 44. Qe7+ Kg8 45. Qxd6 Qb2+
46. Kh3 Qf2 47. Kg4 h5+ 48. Kg5 Qxf3 49. Qxg6+ 1-0

[Event "24. Open Moratalaz 2011"]
[Site "Madrid ESP"]
[Date "2011.09.23"]
[Round "9.2"]
[White "Taboas Rodriguez, Daniel"]
[Black "Moreno Ruiz, Javier"]
[Result "1/2-1/2"]
[WhiteElo "2396"]
[BlackElo "2536"]
[PlyCount "54"]
[EventDate "2011.09.15"]
[EventType "swiss"]
[EventRounds "9"]
[EventCountry "ESP"]
[Source "lmi"]
[SourceDate "2011.09.15"]

1. d4 f5 2. Bg5 g6 3. Nd2 Bg7 4. e4 fxe4 5. Nxe4 d5 6. Nc5 b6 7. Nb3 Nh6 8. Nf3
Nf7 9. Bh4 O-O 10. Be2 c5 11. O-O c4 12. Nbd2 Nc6 13. c3 Bf5 14. Re1 Qd7 15.
Bg3 Rae8 16. Nh4 Be6 17. f4 Nxd4 18. cxd4 Bxd4+ 19. Bf2 Bxb2 20. Rb1 Bg7 21.
Ndf3 Qd6 22. Bg3 Bf5 23. Nxf5 gxf5 24. Nd4 e6 25. Bh5 Bf6 26. Nxf5 Qa3 27. Bf2
d4 1/2-1/2

[Event "24. Open Moratalaz 2011"]
[Site "Madrid ESP"]
[Date "2011.09.23"]
[Round "9.3"]
[White "Montanes Arribas, Adrian"]
[Black "Almagro Llanas, Pablo"]
[Result "0-1"]
[WhiteElo "2192"]
[BlackElo "2466"]
[PlyCount "130"]
[EventDate "2011.09.15"]
[EventType "swiss"]
[EventRounds "9"]
[EventCountry "ESP"]
[Source "lmi"]
[SourceDate "2011.09.15"]

1. e4 c6 2. d4 d5 3. exd5 cxd5 4. c4 Nf6 5. Nc3 g6 6. Qb3 Bg7 7. cxd5 O-O 8.
Nge2 Na6 9. g3 b5 10. Bg2 b4 11. Nd1 Rb8 12. Bf4 Rb5 13. Ne3 Bb7 14. a4 Ra5 15.
d6 Bxg2 16. dxe7 Qxe7 17. Nxg2 Re8 18. Be3 Ng4 19. O-O Rh5 20. h4 Nc7 21. Nef4
Rf5 22. Rad1 Nxe3 23. Nxe3 Rxf4 24. gxf4 Ne6 25. Ng2 Nxd4 26. Rxd4 Bxd4 27. Re1
Qf8 28. Rxe8 Qxe8 29. Qxb4 Qe4 30. Qd2 Qb1+ 31. Ne1 Bxb2 32. h5 gxh5 33. Kg2
Qe4+ 34. Nf3 Bf6 35. a5 h6 36. Kg3 Qf5 37. Kh2 Kg7 38. Ng1 Qc5 39. a6 Qc4 40.
Qd6 Qd4 41. Qxd4 Bxd4 42. Kg3 Kf6 43. Nf3 Bb6 44. Ne5 Ke6 45. f3 f6 46. Ng6 Kd5
47. Kh4 Kc5 48. Kxh5 Kb5 49. Kxh6 Kxa6 50. Nf8 Kb5 51. Kg6 a5 52. Nd7 a4 53.
Nxf6 a3 54. Nd5 Bd4 55. Nc7+ Kc4 56. Ne6 a2 57. Nxd4 Kxd4 58. f5 a1=Q 59. f6
Qg1+ 60. Kh7 Qh2+ 61. Kg8 Qg3+ 62. Kf8 Ke5 63. f7 Ke6 64. f4 Qg6 65. f5+ Qxf5
0-1

[Event "24. Open Moratalaz 2011"]
[Site "Madrid ESP"]
[Date "2011.09.23"]
[Round "9.5"]
[White "Guerra Mendez, Jose Angel"]
[Black "Rodrigo Yanguas, Maria"]
[Result "1-0"]
[WhiteElo "2448"]
[BlackElo "2135"]
[PlyCount "121"]
[EventDate "2011.09.15"]
[EventType "swiss"]
[EventRounds "9"]
[EventCountry "ESP"]
[Source "lmi"]
[SourceDate "2011.09.15"]

1. e4 e6 2. d4 d5 3. Nc3 Nf6 4. e5 Nfd7 5. f4 c5 6. Nf3 Nc6 7. Ne2 Be7 8. c3
O-O 9. g3 Qb6 10. Bh3 cxd4 11. Nexd4 Qa6 12. Be3 Nxd4 13. Nxd4 Nc5 14. Bg4 Qa4
15. Qb1 Qe8 16. Be2 b6 17. O-O Ba6 18. Bxa6 Nxa6 19. b4 Rc8 20. Qd3 Rc4 21. f5
exf5 22. Nxf5 Nc7 23. a4 Qd7 24. a5 Qe6 25. axb6 axb6 26. Ra7 Rd8 27. Nxe7+
Qxe7 28. Bxb6 Qxe5 29. Qf5 Qe7 30. Bc5 Qd7 31. Qe5 Rc8 32. Re1 Re4 33. Rxe4
dxe4 34. Bd4 f6 35. Qxe4 Qb5 36. Ra5 Qd7 37. Rc5 Qa4 38. Qb1 Qe8 39. Qa2+ Kh8
40. Qc4 Ra8 41. Rxc7 Ra1+ 42. Kf2 Qe1+ 43. Kg2 Qe4+ 44. Kf2 Qe1+ 45. Kf3 Qh1+
46. Kf4 Rf1+ 47. Qxf1 Qxf1+ 48. Ke4 Qg2+ 49. Kd3 Qf1+ 50. Ke4 Qg2+ 51. Kd3 Qf1+
52. Kc2 h5 53. Rc5 Qe2+ 54. Kb3 Qxh2 55. b5 Qxg3 56. b6 Qf3 57. Rb5 Qd1+ 58.
Kb4 Qe2 59. b7 Qe7+ 60. Bc5 Qe4+ 61. Ka5 1-0

[Event "24. Open Moratalaz 2011"]
[Site "Madrid ESP"]
[Date "2011.09.23"]
[Round "9.6"]
[White "Rubio Mejia, Luis Ignacio"]
[Black "Garcia Galeote, Lorenzo"]
[Result "1-0"]
[WhiteElo "2433"]
[BlackElo "2043"]
[PlyCount "77"]
[EventDate "2011.09.15"]
[EventType "swiss"]
[EventRounds "9"]
[EventCountry "ESP"]
[Source "lmi"]
[SourceDate "2011.09.15"]

1. d4 d5 2. c4 Bf5 3. Nc3 e6 4. Nf3 c6 5. Qb3 Qb6 6. c5 Qc7 7. Bf4 Qc8 8. Nh4
Nf6 9. h3 Be7 10. e3 Ne4 11. Nxf5 exf5 12. Bd3 g6 13. Qc2 Nd7 14. O-O Ndf6 15.
Bh6 Bf8 16. Bxf8 Kxf8 17. Bxe4 Nxe4 18. Nxe4 fxe4 19. f3 Qe6 20. fxe4 dxe4 21.
Rf4 Re8 22. Raf1 Re7 23. Qa4 a6 24. Rf6 Qd5 25. Rd6 Qg5 26. Qb3 h5 27. Qc3 Rh7
28. b4 Qg3 29. d5 cxd5 30. Rxd5 h4 31. Qd4 Re8 32. Rd7 Re7 33. Rxe7 Kxe7 34.
Qxe4+ Kf8 35. Qxb7 Qxe3+ 36. Kh1 Qe2 37. Qa8+ Kg7 38. Qf3 Qxa2 39. Qf6+ 1-0

[Event "24. Open Moratalaz 2011"]
[Site "Madrid ESP"]
[Date "2011.09.23"]
[Round "9.7"]
[White "Alvarez Abejon, Amilcar"]
[Black "Roa Alonso, Santiago"]
[Result "0-1"]
[WhiteElo "2038"]
[BlackElo "2420"]
[PlyCount "28"]
[EventDate "2011.09.15"]
[EventType "swiss"]
[EventRounds "9"]
[EventCountry "ESP"]
[Source "lmi"]
[SourceDate "2011.09.15"]

1. e4 c5 2. Nc3 d6 3. f4 Nc6 4. Nf3 g6 5. Bb5 Bg7 6. Bxc6+ bxc6 7. d3 Nh6 8.
O-O Rb8 9. Qe1 f5 10. e5 O-O 11. b3 Nf7 12. Be3 g5 13. exd6 exd6 14. fxg5 Re8
0-1

[Event "24. Open Moratalaz 2011"]
[Site "Madrid ESP"]
[Date "2011.09.23"]
[Round "9.8"]
[White "Solaesa Navalpotro, Luis Julio"]
[Black "De la Esperanza Martin, Alberto"]
[Result "1-0"]
[WhiteElo "2264"]
[BlackElo "1777"]
[PlyCount "79"]
[EventDate "2011.09.15"]
[EventType "swiss"]
[EventRounds "9"]
[EventCountry "ESP"]
[Source "lmi"]
[SourceDate "2011.09.15"]

1. d4 d5 2. Nf3 c6 3. c4 e6 4. Qc2 Nf6 5. Nbd2 Nbd7 6. g3 Bd6 7. Bg2 c5 8. O-O
O-O 9. b3 Rb8 10. Bb2 b6 11. e4 dxe4 12. Nxe4 Nxe4 13. Qxe4 Bb7 14. Qe2 Be7 15.
Rad1 Qc8 16. d5 Re8 17. dxe6 Nf6 18. exf7+ Kxf7 19. Ng5+ Kg8 20. Bxb7 Rxb7 21.
Qe6+ Qxe6 22. Nxe6 h6 23. Nf4 Kf7 24. Rfe1 Rd7 25. Rxd7 Nxd7 26. Nd5 Nf6 27.
Rxe7+ Rxe7 28. Nxe7 Kxe7 29. Kg2 g6 30. Bxf6+ Kxf6 31. f4 h5 32. Kf3 g5 33. h3
a6 34. a4 gxf4 35. Kxf4 Kg6 36. h4 Kf6 37. g4 hxg4 38. Kxg4 Kg6 39. Kf4 Kf6 40.
Ke4 1-0

[Event "24. Open Moratalaz 2011"]
[Site "Madrid ESP"]
[Date "2011.09.23"]
[Round "9.9"]
[White "Rivas Vila, David"]
[Black "Martin Duque, Jesus"]
[Result "0-1"]
[WhiteElo "2237"]
[BlackElo "2136"]
[PlyCount "46"]
[EventDate "2011.09.15"]
[EventType "swiss"]
[EventRounds "9"]
[EventCountry "ESP"]
[Source "lmi"]
[SourceDate "2011.09.15"]

1. g3 d5 2. f4 c6 3. Bg2 Nf6 4. d3 g6 5. Nf3 Bg7 6. O-O O-O 7. c3 Nbd7 8. Qe1
Re8 9. Ne5 Qc7 10. Nxd7 Nxd7 11. e4 dxe4 12. dxe4 e5 13. f5 Nf6 14. Nd2 b5 15.
h3 Bb7 16. Nb3 c5 17. Bg5 Nd7 18. Qf2 c4 19. Nd2 f6 20. Be3 Bf8 21. fxg6 hxg6
22. Kh2 Be7 23. Bxa7 Rxa7 0-1

[Event "24. Open Moratalaz 2011"]
[Site "Madrid ESP"]
[Date "2011.09.23"]
[Round "9.10"]
[White "Suarez Uriel, Adrian"]
[Black "Ambrona Castellanos, Miguel"]
[Result "1-0"]
[WhiteElo "2197"]
[BlackElo "1994"]
[PlyCount "54"]
[EventDate "2011.09.15"]
[EventType "swiss"]
[EventRounds "9"]
[EventCountry "ESP"]
[Source "lmi"]
[SourceDate "2011.09.15"]

1. e4 c5 2. Ne2 d6 3. g3 Nc6 4. Bg2 g6 5. c3 Bg7 6. d4 cxd4 7. cxd4 Bg4 8. f3
Bd7 9. Nbc3 h5 10. h4 Nf6 11. Be3 O-O 12. Qd2 Kh7 13. O-O a6 14. Rac1 b5 15. b3
Rc8 16. Rfd1 Qa5 17. Nf4 Rfe8 18. Nd3 Ng8 19. b4 Qd8 20. Qf2 e6 21. a3 Qe7 22.
e5 Nh6 23. Ne4 dxe5 24. dxe5 Nxe5 25. Nxe5 Bxe5 26. Nc5 Bc6 27. Bxh6 Bxg3 1-0